000 00995nam a2200265Ia 4500
003 OSt
005 20221005111936.0
006 a|||||r|||| 00| 0
007 ta
008 221004b |||||||| |||| 00| 0 san d
020 _a9789380326405 (hbk)
_c600
024 _a45308
037 _b384, 19/03/2010, Vidyanidhi Prakashan
_cTextual
040 _aCRL
_cCRL
_bsan
041 _2san
_asan
082 _aR66,5x1,1, 152Q0
100 _aभारती
245 0 _aवेदान्त प्रबोध
_b प्रस्तावना महेशानन्द
246 _aVedānta prabodha: prastāvanā maheshānanda
260 _aवाराणसी
_bचौखम्बा सुरभारती प्रकाशन भारत
_c2010
300 _a250पृ0
_ccm.
650 _aदर्शनशास्त्र
942 _hR66,5x1,1, 152Q0
_cTEXL
_2cc
999 _c1023367
_d1023367